[Event "38th Olympiad"]
[Site "Dresden GER"]
[Date "2008.11.13"]
[Round "1"]
[White "Uribe,M"]
[Black "Fedorov,Alex"]
[Result "0-1"]
[WhiteElo "2414"]
[BlackElo "2584"]
[EventDate "2008.11.13"]

1. d4 Nf6 2. Nf3 g6 3. Nc3 c5 4. d5 d6 5. e4 Bg7 6. Be2 O-O 7. O-O Na6 8.
h3 Nc7 9. a4 e6 10. dxe6 Nxe6 11. Bc4 b6 12. Re1 Bb7 13. a5 bxa5 14. Nd5
Nxd5 15. exd5 Nd4 16. c3 Nxf3+ 17. Qxf3 Qb6 18. b3 Rfe8 19. Bf4 Ba6 20. Qd3
Rxe1+ 21. Rxe1 Bxc4 22. Qxc4 h5 23. Qa4 Bxc3 24. Re8+ Rxe8 25. Qxe8+ Kg7
26. Qe4 Bf6 27. Qa4 Bd4 28. Bd2 Qb7 29. Qc4 a4 30. Bc3 axb3 0-1

[Event "38th Olympiad"]
[Site "Dresden GER"]
[Date "2008.11.13"]
[Round "1"]
[White "Kozul,Z"]
[Black "Alvarez Marquez,J"]
[Result "1/2-1/2"]
[WhiteElo "2593"]
[BlackElo "2430"]
[EventDate "2008.11.13"]

1. d4 d5 2. c4 c6 3. Nf3 e6 4. Qc2 Nf6 5. Nbd2 Nbd7 6. a3 Bd6 7. e4 e5 8.
cxd5 cxd5 9. Bd3 O-O 10. O-O exd4 11. exd5 Nc5 12. Nc4 Nxd3 13. Qxd3 b5 14.
Nxd6 Qxd6 15. Qxd4 Qxd5 16. Bg5 Qxd4 17. Nxd4 Ne4 18. Bh4 Bd7 19. f3 Nc5
20. Be7 Rfc8 21. Bxc5 Rxc5 22. Rac1 Rac8 23. Rxc5 Rxc5 24. Kf2 g5 25. Rd1
Kf8 26. Nb3 Rc7 27. Rd5 Be6 28. Rc5 Rxc5 29. Nxc5 Ke7 30. Ke3 Bd5 31. Kd4
Kd6 32. Nd3 f6 33. Nf2 f5 34. Nd1 h5 35. Ne3 Be6 36. b4 f4 37. Nd1 Bc4 38.
Nf2 Ke6 39. g3 fxg3 40. hxg3 h4 41. g4 Kf6 42. Ne4+ Kg6 43. Ke3 Bd5 44. Nf2
Bc4 45. f4 gxf4+ 46. Kxf4 Bf1 47. Ne4 Be2 48. Nc3 Bc4 49. Nd1 Bb3 50. Ne3
Be6 51. Ng2 h3 52. Nh4+ Kf6 53. g5+ Kg7 54. Ke4 1/2-1/2

[Event "38th Olympiad"]
[Site "Dresden GER"]
[Date "2008.11.13"]
[Round "1"]
[White "Prasca Sosa,R"]
[Black "Zelcic,R"]
[Result "1-0"]
[WhiteElo "2410"]
[BlackElo "2589"]
[EventDate "2008.11.13"]

1. e4 c6 2. d4 d5 3. Nc3 dxe4 4. Nxe4 Bf5 5. Nc5 Nd7 6. Nxd7 Qxd7 7. Nf3 e6
8. Be2 Bd6 9. O-O Qc7 10. c4 Nf6 11. h3 h6 12. Bd3 Bxd3 13. Qxd3 Rd8 14.
Qe2 O-O 15. Bd2 b5 16. Rac1 bxc4 17. Rxc4 Qb6 18. Be3 Nd5 19. Rfc1 Qa6 20.
a3 Rb8 21. Qc2 Nxe3 22. fxe3 Qb5 23. Rxc6 Rfd8 24. b4 a5 25. bxa5 Qxa5 26.
Rc3 g6 27. e4 Kg7 28. e5 Be7 29. h4 Qd5 30. Qf2 Rd7 31. Rf1 Bd8 32. Rd1 Qe4
33. Re3 Qg4 34. Rde1 Qf5 35. Re4 Rb3 36. Qe2 g5 37. hxg5 hxg5 38. Rf1 Bb6
39. g4 Qg6 40. Rd1 Rxa3 41. Re3 Ra8 42. Rb3 Ba7 43. Qd2 Rh8 44. Kg2 Rxd4
45. Nxd4 Bxd4 46. Qxd4 Qc2+ 47. Qd2 Qe4+ 48. Rf3 Qxg4+ 49. Rg3 Qe4+ 50. Rf3
Rh5 51. Qd4 Qc6 52. Qd7 Rh2+ 53. Kxh2 Qxf3 54. Qd2 Qh5+ 55. Kg3 Qh4+ 56.
Kf3 Qh3+ 57. Ke4 Qg4+ 58. Kd3 Qf3+ 59. Kc2 Qe4+ 60. Qd3 Qxe5 61. Qc3 Qxc3+
62. Kxc3 f5 63. Kd4 Kf6 64. Ke3 g4 65. Rd8 e5 66. Rf8+ Kg5 67. Rh8 Kg6 68.
Ra8 Kg5 69. Rg8+ Kf6 70. Re8 f4+ 71. Ke4 g3 72. Rg8 Kf7 73. Rg5 Kf6 74. Rg4
Ke6 75. Rg6+ Kf7 76. Ra6 Kg7 77. Rb6 Kf7 78. Kf3 Ke7 79. Ra6 Kf7 80. Ke4
Kg7 81. Rc6 Kh7 82. Kf5 Kg7 83. Kg4 Kf7 84. Ra6 Kg7 85. Kf3 Kf7 86. Ke4 Kg7
87. Kf5 Kh7 88. Ra1 Kh6 89. Rg1 1-0

[Event "38th Olympiad"]
[Site "Dresden GER"]
[Date "2008.11.13"]
[Round "1"]
[White "Damaso,R"]
[Black "Markos,J"]
[Result "0-1"]
[WhiteElo "2424"]
[BlackElo "2557"]
[EventDate "2008.11.13"]

1. Nf3 Nf6 2. c4 g6 3. g3 Bg7 4. Bg2 c6 5. d4 d5 6. O-O O-O 7. cxd5 cxd5 8.
Ne5 Ng4 9. f4 Nxe5 10. dxe5 Qb6+ 11. Kh1 Rd8 12. Nc3 Be6 13. b3 Nc6 14. Bb2
d4 15. Na4 Qb5 16. Rc1 d3 17. exd3 Rxd3 18. Qe1 Bd5 19. Rc5 Bxg2+ 20. Kxg2
Qa6 21. Rc2 Nd4 22. Bxd4 Rxd4 23. Qe3 Rad8 24. Rff2 Rd3 25. Qe4 R8d4 26.
Qe2 Qa5 27. Nb2 Rc3 28. Rxc3 Qxc3 29. Qf3 Qc7 30. Nc4 Bf8 31. Rc2 Qd7 32.
Re2 e6 33. h4 h5 34. Qf2 Bc5 35. Qf3 Kg7 36. Kh2 b5 37. Ne3 Rd3 38. Qe4 Rd2
39. Nf1 Rd1 40. Qg2 Qd3 41. Nd2 Bg1+ 42. Kh3 Qf5+ 43. g4 hxg4+ 44. Qxg4
Qd3+ 0-1

[Event "38th Olympiad"]
[Site "Dresden GER"]
[Date "2008.11.13"]
[Round "1"]
[White "Petrik,T"]
[Black "Dias,P"]
[Result "1-0"]
[WhiteElo "2487"]
[BlackElo "2406"]
[EventDate "2008.11.13"]

1. c4 e6 2. g3 Nf6 3. Bg2 d5 4. Nf3 Be7 5. O-O O-O 6. d4 dxc4 7. Qc2 a6 8.
Qxc4 b5 9. Qc2 Bb7 10. Bd2 Be4 11. Qc1 Qc8 12. Bg5 Nbd7 13. Nbd2 Bb7 14.
Bxf6 Nxf6 15. Nb3 Bd6 16. Qc2 Be4 17. Qd2 Rd8 18. Qe3 Qb8 19. Rfc1 Qb6 20.
Nc5 Bd5 21. Rc2 h6 22. Rac1 a5 23. a3 a4 24. Nd2 c6 25. Qd3 Bxg2 26. Kxg2
e5 27. Nde4 Be7 28. Nxf6+ Bxf6 29. Qf5 exd4 30. Ne4 Be7 31. Rxc6 Qb8 32.
Rc7 Ra7 33. Rxa7 Qxa7 34. Qxb5 Rb8 35. Qd5 Bf8 36. Rc2 Qb6 37. f3 Rd8 38.
Qc6 Qb3 39. Nf2 g6 40. Nd3 Qa2 41. Qxa4 Qe6 42. Qc6 Rd6 43. Qc8 Qe3 44. a4
1-0

[Event "38th Olympiad"]
[Site "Dresden GER"]
[Date "2008.11.13"]
[Round "1"]
[White "Rocha,S"]
[Black "Vavrak,P"]
[Result "0-1"]
[WhiteElo "2417"]
[BlackElo "2478"]
[EventDate "2008.11.13"]

1. e4 e6 2. d4 d5 3. Nc3 Nf6 4. Bg5 Be7 5. e5 Nfd7 6. Bxe7 Qxe7 7. f4 Nb6
8. Nf3 Bd7 9. Qd2 c5 10. Qf2 cxd4 11. Nxd4 Nc6 12. Ndb5 O-O 13. Nxa7 Qb4
14. Nab5 d4 15. O-O-O dxc3 16. Nxc3 Rfd8 17. a3 Qa5 18. Ne4 Ne7 19. Bd3 Bc6
20. Nd6 Na4 21. c4 Qc5 22. Qc2 g6 23. Rhe1 Qb6 24. b4 Qd4 25. b5 Bxg2 26.
Qxg2 Qa1+ 27. Kd2 Qb2+ 28. Bc2 Nf5 29. Rc1 Nxd6 30. exd6 Rxd6+ 31. Ke2 Rad8
32. Kf1 Rd2 33. Qe4 Rxh2 34. Rcd1 Rxd1 35. Rxd1 Rxc2 36. f5 Rf2+ 37. Kg1
Rxf5 0-1

[Event "38th Olympiad"]
[Site "Dresden GER"]
[Date "2008.11.13"]
[Round "1"]
[White "Papaioannou,I"]
[Black "Ibarra Chami,L"]
[Result "1-0"]
[WhiteElo "2597"]
[BlackElo "2389"]
[EventDate "2008.11.13"]

1. d4 d5 2. Nf3 Nf6 3. c4 e6 4. g3 dxc4 5. Bg2 Nc6 6. O-O Rb8 7. Bg5 Be7 8.
e3 b5 9. a4 a6 10. Nfd2 Nb4 11. axb5 axb5 12. b3 cxb3 13. Qxb3 Nbd5 14. Nc3
O-O 15. Rfc1 Nxc3 16. Qxc3 Bb7 17. Qxc7 Bxg2 18. Qxd8 Rfxd8 19. Kxg2 h6 20.
Bxf6 Bxf6 21. Ne4 b4 22. Ra7 b3 23. Rb1 e5 24. dxe5 Bxe5 25. Ra5 f6 26. f4
Bc7 27. Rc5 Bd6 28. Rd5 Be7 29. Rxd8+ Bxd8 30. Rb2 f5 31. Nd2 Ba5 32. Nxb3
Bc3 33. Rb1 Rb4 34. Kf3 g5 35. Ke2 Kg7 36. Kd3 Bf6 37. Nd2 Rxb1 38. Nxb1
Be7 39. Nd2 Kf6 40. Nf3 Bc5 41. h3 Ba7 42. fxg5+ hxg5 43. g4 Bb6 44. Nd4 f4
45. exf4 gxf4 46. Nf3 Bc7 47. Ke4 Bb8 48. h4 Bc7 49. h5 Bd6 50. g5+ Kf7 51.
Kf5 Kg7 1-0

[Event "38th Olympiad"]
[Site "Dresden GER"]
[Date "2008.11.13"]
[Round "1"]
[White "Espinosa Flores,R"]
[Black "Kotronias,V"]
[Result "0-1"]
[WhiteElo "2412"]
[BlackElo "2587"]
[EventDate "2008.11.13"]

1. e4 d5 2. exd5 Qxd5 3. Nc3 Qa5 4. Nf3 Nf6 5. d4 Bf5 6. Ne5 c6 7. Bc4 e6
8. O-O Nbd7 9. Nxd7 Nxd7 10. Re1 Bb4 11. Bd2 O-O 12. a3 Bxc3 13. Bxc3 Qc7
14. Rc1 a5 15. Qf3 Nb6 16. Bb3 Qd8 17. a4 Qg5 18. Qg3 Qxg3 19. hxg3 Rfd8
20. f3 h5 21. Kf2 Nd5 22. Bd2 Nb4 23. Be3 b5 24. Re2 Nd5 25. Rh1 Nxe3 26.
Kxe3 Bg6 27. Rd2 Ra7 28. Ra1 Kf8 29. c3 b4 30. cxb4 Rb7 31. b5 cxb5 32. Bc2
Bxc2 33. Rxc2 g6 34. axb5 Rxb5 35. Ra4 Rd7 36. Ra3 Rdb7 37. Ra2 Rb3+ 38.
Kd2 R7b5 39. Rc8+ Kg7 40. Kc2 R3b4 41. Kc3 Kf6 42. Rc4 Rxc4+ 43. Kxc4 Rg5
44. b3 Rxg3 45. Kb5 Rg5+ 46. Ka6 h4 47. f4 Rd5 48. Rxa5 Rxd4 49. Ra4 Rd2
50. b4 Rxg2 51. b5 h3 52. Ra3 h2 53. Rh3 Ra2+ 54. Kb7 Kf5 55. Rh4 e5 0-1

[Event "38th Olympiad"]
[Site "Dresden GER"]
[Date "2008.11.13"]
[Round "1"]
[White "Banikas,H"]
[Black "Gongora Montes,B"]
[Result "1-0"]
[WhiteElo "2572"]
[BlackElo "2281"]
[EventDate "2008.11.13"]

1. Nf3 Nf6 2. c4 e6 3. Nc3 d5 4. d4 Bb4 5. Bg5 Nbd7 6. e3 c5 7. cxd5 exd5
8. Bd3 Qa5 9. Qc2 h6 10. Bh4 O-O 11. O-O c4 12. Bf5 Bxc3 13. bxc3 Re8 14.
Nd2 Nb6 15. Bxf6 gxf6 16. Rfc1 Na4 17. Nf1 b5 18. Ng3 Qd8 19. Rab1 a6 20.
Bxc8 Rxc8 21. Nf5 Qd7 22. Nxh6+ Kg7 23. Nf5+ Kh8 24. Ng3 Qg4 25. Qf5 Qg6
26. h4 Rb8 27. h5 Qxf5 28. Nxf5 Rb6 29. a3 Kh7 30. f3 Rbe6 31. Kf2 Rg8 32.
Rc2 Rg5 33. g4 Rg8 34. Kg3 Rb8 35. Kf4 Rbe8 36. Rg1 a5 37. g5 fxg5+ 38.
Rxg5 Kh8 39. Rg1 Rb6 40. e4 Rd8 41. e5 b4 42. cxb4 axb4 43. axb4 Rxb4 44.
Nd6 Rf8 45. Rcg2 c3 46. Kg5 Rb2 47. Rg4 1-0

[Event "38th Olympiad"]
[Site "Dresden GER"]
[Date "2008.11.13"]
[Round "1"]
[White "Capo Vidal,U"]
[Black "Mastrovasilis,D"]
[Result "0-1"]
[WhiteElo "2340"]
[BlackElo "2572"]
[EventDate "2008.11.13"]

1. d4 d5 2. c4 c6 3. cxd5 cxd5 4. Nc3 e5 5. e4 dxe4 6. Bb5+ Bd7 7. dxe5 Bb4
8. Bd2 Bxc3 9. Bxd7+ Nxd7 10. Bxc3 Nc5 11. Qxd8+ Rxd8 12. Ke2 Ne7 13. Nh3
Nd5 14. Rhd1 Ne6 15. Rd2 Ke7 16. Rad1 Nxc3+ 17. bxc3 Rxd2+ 18. Rxd2 Rc8 19.
Rb2 b6 20. Kd2 Rc5 21. Ke3 Rxe5 22. Nf4 f5 23. g4 fxg4 24. Rb4 Nc5 25. Rd4
Rf5 26. Nd5+ Kf7 27. Ke2 Ne6 0-1

[Event "38th Olympiad"]
[Site "Dresden GER"]
[Date "2008.11.13"]
[Round "1"]
[White "Lenic,L"]
[Black "Franco Ocampos,Z"]
[Result "0-1"]
[WhiteElo "2569"]
[BlackElo "2501"]
[EventDate "2008.11.13"]

1. d4 d5 2. c4 c6 3. Nf3 Nf6 4. e3 g6 5. b4 Bg7 6. Bb2 O-O 7. Nbd2 Bg4 8.
Qb3 Nbd7 9. h3 Bxf3 10. Nxf3 a5 11. b5 a4 12. Qb4 a3 13. Bc3 Ne4 14. Rc1 c5
15. Qb3 cxd4 16. exd4 e5 17. Bb4 exd4 18. Bxf8 Qxf8 19. Bd3 Ndc5 20. Qc2
Nc3 21. O-O Nxd3 22. Qxd3 Nxa2 23. Rb1 Nb4 24. Qd2 a2 25. Rxb4 a1=Q 26.
Rxa1 Rxa1+ 27. Kh2 Ra3 28. c5 Qxc5 29. Nxd4 Qc3 30. Qxc3 Rxc3 31. Ra4 Bxd4
32. Rxd4 Rc5 33. b6 Kg7 34. Rb4 Kf6 35. Kg3 Ke5 36. Kf3 d4 37. Rb2 Kd5 38.
Ke2 Rc3 39. Kd2 Kc5 40. h4 h5 41. Rb1 Rc4 42. Kd3 Rb4 43. Re1 Rb3+ 44. Kc2
Rc3+ 45. Kd2 Kxb6 46. Re4 Rc7 47. Rxd4 Ka5 48. f3 b5 49. Rd5 Ka4 50. g4
hxg4 51. fxg4 Rc4 52. Rg5 b4 53. h5 b3 54. Re5 Rxg4 55. hxg6 fxg6 56. Kc3
Rg3+ 57. Kb2 Kb4 0-1

[Event "38th Olympiad"]
[Site "Dresden GER"]
[Date "2008.11.13"]
[Round "1"]
[White "Patriarca,L"]
[Black "Borisek,J"]
[Result "0-1"]
[WhiteElo "2318"]
[BlackElo "2548"]
[EventDate "2008.11.13"]

1. c4 e5 2. Nc3 Bb4 3. Nd5 Be7 4. d4 d6 5. e4 c6 6. Nxe7 Qxe7 7. d5 f5 8.
exf5 Bxf5 9. Ne2 Nf6 10. Ng3 Bg6 11. Be2 cxd5 12. cxd5 Nbd7 13. Be3 O-O 14.
O-O Nb6 15. Bxb6 axb6 16. Qb3 Kh8 17. Rfd1 Ra5 18. Rd2 Rc5 19. Rad1 Qc7 20.
Bd3 e4 21. Be2 Re8 22. Nf1 Ra8 23. Ne3 Be8 24. Rd4 b5 25. Rb4 Ra4 26. a3
Bd7 27. h3 Qc8 28. Kh2 h6 29. Rd2 Ra5 30. Nd1 Qe8 31. Rbd4 Ra4 32. Qg3 Rxd4
33. Rxd4 Rc2 34. Bf1 Qe7 35. Kg1 Rc1 36. Qe3 Ra1 37. Rd2 Qe5 38. Qd4 Qg5
39. Qe3 Qe5 40. Qd4 Qh5 41. Be2 Qg5 42. Qe3 Qf5 43. Qd4 Be8 44. Kh2 Qf4+
45. g3 Qf5 46. Bf1 Bh5 47. Ne3 Qg5 48. Bg2 Bf3 49. Bxf3 exf3 50. Rd1 Ra2
51. Qc3 Ne4 52. Qc8+ Kh7 53. Qc2 Qg6 54. Qb3 Nxf2 55. Rf1 Qd3 56. Qxa2 Qxe3
57. b4 Nd3 58. Qc2 Qe2+ 0-1

[Event "38th Olympiad"]
[Site "Dresden GER"]
[Date "2008.11.13"]
[Round "1"]
[White "Predojevic,B"]
[Black "Matamoros Franco,C"]
[Result "1-0"]
[WhiteElo "2615"]
[BlackElo "2525"]
[EventDate "2008.11.13"]

1. e4 e5 2. Nf3 Nc6 3. Bc4 Bc5 4. c3 Nf6 5. d3 O-O 6. h3 d5 7. exd5 Nxd5 8.
O-O Nb6 9. Bb5 Qd5 10. a4 a5 11. Re1 f6 12. Nbd2 Be6 13. Ne4 Be7 14. d4
exd4 15. Bxc6 bxc6 16. Nxd4 Bd7 17. Bf4 Rac8 18. Qf3 Qf7 19. Ng3 Nd5 20.
Ndf5 Rfe8 21. Nxe7+ Rxe7 22. Bd2 Rxe1+ 23. Rxe1 Nb6 24. Nf5 Re8 25. Rxe8+
Qxe8 26. b3 Qe6 27. Nd4 Qd5 28. Qg3 c5 29. Qxc7 cxd4 30. Qxb6 dxc3 31. Bxc3
Be6 32. Qb8+ Kf7 33. Qc7+ Kg8 34. b4 axb4 35. Qb8+ Kf7 36. Qxb4 Bd7 37. a5
Bc6 38. f3 Bb5 39. Qf4 Qc4 40. Bd4 h6 41. h4 Qd3 42. Kh2 Ke6 43. Qg4+ Kf7
44. Qf4 Ke6 45. Bc5 h5 46. Qc7 Qd7 47. Qb8 Qc6 48. Qg8+ Kf5 49. Qh7+ g6 50.
Bf2 Qd7 51. Qg8 g5 52. Bg3 Qc6 53. Qh7+ Ke6 54. hxg5 fxg5 55. Qg6+ Kd5 1-0

[Event "38th Olympiad"]
[Site "Dresden GER"]
[Date "2008.11.13"]
[Round "1"]
[White "Pazos Gambarrotti,P"]
[Black "Saric,Ib"]
[Result "0-1"]
[WhiteElo "2327"]
[BlackElo "2559"]
[EventDate "2008.11.13"]

1. d4 Nf6 2. Nf3 g6 3. g3 Bg7 4. Bg2 O-O 5. O-O d6 6. b3 c6 7. Bb2 Qa5 8.
h3 Na6 9. Nbd2 c5 10. d5 Qd8 11. c4 Nc7 12. e4 e5 13. Ne1 Nh5 14. Nd3 f5
15. exf5 Bxf5 16. Ne4 Nf6 17. f3 Nh5 18. Ndf2 b5 19. Qe2 bxc4 20. bxc4 Rb8
21. Kh2 Ne8 22. Bc3 Nef6 23. Rab1 Nxe4 24. Nxe4 Bh6 25. Rb3 Rxb3 26. axb3
Bxe4 27. Qxe4 Qg5 28. Qg4 Qe3 29. Be1 Rf7 30. Qc8+ Bf8 31. Qb8 e4 32. f4
Qd3 33. Qc8 Qxb3 34. Qe6 Qxc4 35. Qxe4 Qxe4 36. Bxe4 Rb7 37. f5 Nf6 38. Bg2
Bg7 39. fxg6 hxg6 40. Rf3 Re7 41. Ba5 Re2 42. Kg1 Ne4 43. Rb3 Bd4+ 44. Kh1
Be5 45. g4 Ng3+ 46. Kg1 Ra2 47. Be1 Ne2+ 48. Kf1 Nf4 49. Be4 Ra4 50. Bc2
Rc4 51. Bb1 Rc1 52. h4 c4 53. Rb8+ Kf7 54. Rb7+ Ke8 55. h5 gxh5 56. gxh5
Bc3 57. h6 Bxe1 0-1

[Event "38th Olympiad"]
[Site "Dresden GER"]
[Date "2008.11.13"]
[Round "1"]
[White "Stojanovic,Da"]
[Black "Aucay Pelaez,M"]
[Result "1/2-1/2"]
[WhiteElo "2455"]
[BlackElo "2335"]
[EventDate "2008.11.13"]

1. e4 c5 2. Nf3 d6 3. Bc4 Nf6 4. d3 e6 5. Bb3 Be7 6. O-O O-O 7. c3 b5 8.
Re1 Bb7 9. Nbd2 Qc7 10. Bc2 Nbd7 11. Nf1 Rfe8 12. Ng3 Rac8 13. h3 Bf8 14.
Bg5 g6 15. Qd2 Bg7 16. Rad1 e5 17. Nh2 d5 18. Ng4 Nxg4 19. hxg4 Nf8 20.
exd5 Bxd5 21. Ne4 Qc6 22. f3 Rc7 23. Qf2 f6 24. Bc1 Ne6 25. Qh4 Rf7 26. a4
a6 27. axb5 axb5 28. g5 fxg5 29. Nxg5 Nxg5 30. Bxg5 Rd7 31. c4 Bf7 32. cxb5
Qb6 33. Be3 Ra8 34. b4 Qxb5 35. bxc5 Qb2 36. Rd2 Qc3 37. Rb1 Bf8 38. Qb4
Qxb4 39. Rxb4 Rc7 40. Bb3 Bxb3 41. Rxb3 Bxc5 42. Bxc5 Rxc5 43. Rb7 Rf8 44.
Ra2 Rf7 45. Rxf7 Kxf7 46. Ra7+ Kf6 47. Rxh7 Rd5 48. Ra7 Rxd3 1/2-1/2

[Event "38th Olympiad"]
[Site "Dresden GER"]
[Date "2008.11.13"]
[Round "1"]
[White "Macias Murillo,B"]
[Black "Bogut,Z"]
[Result "0-1"]
[WhiteElo "2333"]
[BlackElo "2464"]
[EventDate "2008.11.13"]

1. e4 c5 2. Nf3 Nc6 3. d4 cxd4 4. Nxd4 e5 5. Nb5 d6 6. N1c3 a6 7. Na3 b5 8.
Nd5 Nf6 9. Bg5 Be7 10. Bxf6 Bxf6 11. c4 b4 12. Nc2 a5 13. Qf3 Be6 14. Rd1
Bg5 15. c5 dxc5 16. Bb5 Rc8 17. Ndxb4 Qb6 18. Nxc6 Qxb5 19. Na7 Qxb2 20.
Nxc8 O-O 21. Nd6 Qxc2 22. O-O g6 23. Qa3 Bd2 24. h3 Rd8 25. Nb7 Rc8 26. Qg3
Bf4 27. Qh4 Qxe4 28. Qe7 Bd5 29. f3 Qe3+ 30. Kh1 Bg5 31. Qd7 Be6 32. Qa4
Qc3 33. Nd6 Rb8 34. Ne4 Qe3 35. Nxg5 Qxg5 36. Rb1 Rxb1 37. Rxb1 Qd2 38. Rd1
Qb4 39. Qe8+ Kg7 40. Rd8 Qc3 41. Qh8+ Kh6 42. Qf6 Bxa2 43. Kh2 Qe3 44. Ra8
Be6 45. Rxa5 Qc3 46. Ra4 c4 47. f4 Qe3 48. fxe5 Qg5 49. Ra3 Qxf6 50. exf6
Kg5 51. Rf3 h5 52. g3 Bf5 53. h4+ Kxf6 54. Kg1 Ke5 55. Kf2 Kd4 56. Ke1 c3
57. Rf4+ Ke3 58. Kd1 c2+ 59. Kc1 Ke2 60. Ra4 Kf2 61. Ra3 Be4 62. Kd2 f6 63.
Rc3 f5 64. Ra3 Kg2 65. Rb3 Kh3 66. Rc3 Kg4 67. Re3 Kh3 68. Ra3 f4 69. gxf4+
Kxh4 70. Ra1 Kg3 71. Ke3 Bg2 72. Rc1 h4 73. Rxc2 h3 74. Rc5 h2 75. Rg5+ Kh4
76. Rxg6 Bh3 77. Rh6+ Kg4 0-1

[Event "38th Olympiad"]
[Site "Dresden GER"]
[Date "2008.11.13"]
[Round "1"]
[White "Gonzalez,Be CRC"]
[Black "Berg,E"]
[Result "1-0"]
[WhiteElo "2432"]
[BlackElo "2623"]
[EventDate "2008.11.13"]

1. e4 e5 2. Nf3 Nc6 3. d4 exd4 4. Nxd4 Nf6 5. Nxc6 bxc6 6. e5 Qe7 7. Qe2
Nd5 8. g3 a5 9. c4 Ba6 10. b3 f6 11. e6 dxe6 12. Bh3 Kf7 13. O-O g6 14. Re1
e5 15. Bb2 Bg7 16. Qf3 f5 17. cxd5 e4 18. Bxg7 exf3 19. Rxe7+ Kxe7 20. Bxh8
Rxh8 21. Nc3 cxd5 22. Nxd5+ Kd6 23. Ne3 h5 24. Bf1 Bb7 25. Rd1+ Ke5 26.
Nc4+ Kf6 27. Nxa5 Be4 28. Bd3 Ba8 29. Bb5 Be4 30. Bc6 h4 31. Bxe4 fxe4 32.
Nc4 Kg5 33. Nd2 1-0

[Event "38th Olympiad"]
[Site "Dresden GER"]
[Date "2008.11.13"]
[Round "1"]
[White "Agrest,E"]
[Black "Valdes,Le"]
[Result "1/2-1/2"]
[WhiteElo "2574"]
[BlackElo "2401"]
[EventDate "2008.11.13"]

1. c4 Nf6 2. Nc3 g6 3. g3 Bg7 4. Bg2 O-O 5. d4 d6 6. Nf3 Nbd7 7. O-O e5 8.
e4 c6 9. h3 Qa5 10. Be3 Re8 11. Rb1 exd4 12. Nxd4 Ne5 13. Nb3 Qc7 14. Nd2
a6 15. f4 Ned7 16. Bf2 Rb8 17. Rc1 b6 18. Re1 Bb7 19. Nf1 Rbd8 20. g4 h6
21. Ng3 Qb8 22. Qd2 Ba8 23. Rcd1 Bf8 24. a4 a5 25. Bd4 Nh7 26. Qf2 Be7 27.
Rf1 Bh4 28. Qf3 Rf8 29. Kh1 Qc7 30. Rg1 Bf6 31. Bf2 Bb7 32. Nf1 Bg7 33. Bd4
Bxd4 34. Rxd4 Nc5 35. Rd1 Rfe8 36. Nd2 Qe7 37. Qg3 Qf6 38. Nf1 Qe7 39. Nd2
Qf6 40. Nf1 Qe7 1/2-1/2

[Event "38th Olympiad"]
[Site "Dresden GER"]
[Date "2008.11.13"]
[Round "1"]
[White "Hernandez Basante,F"]
[Black "Cicak,S"]
[Result "0-1"]
[WhiteElo "2247"]
[BlackElo "2564"]
[EventDate "2008.11.13"]

1. d4 g6 2. e4 Bg7 3. Nf3 c6 4. c4 d5 5. exd5 cxd5 6. Nc3 Nf6 7. Bg5 O-O 8.
Bxf6 Bxf6 9. cxd5 Bg4 10. Be2 Bxf3 11. Bxf3 Qb6 12. Rb1 Bxd4 13. O-O Nd7
14. g3 Rab8 15. Qe2 Bxc3 16. bxc3 Qd6 17. Rfe1 Rfe8 18. c4 b6 19. h4 Nc5
20. Rbd1 Rbc8 21. h5 Kg7 22. Kg2 Nb7 23. Bg4 Rcd8 24. Rh1 f5 25. hxg6 hxg6
26. Bf3 Qf6 27. Rde1 Nd6 28. Qd2 Nf7 29. Qb4 Ng5 30. Re2 f4 31. g4 e5 32.
dxe6 Nxf3 33. e7 Rd3 34. Qb5 Nd4 35. Qb2 f3+ 0-1

[Event "38th Olympiad"]
[Site "Dresden GER"]
[Date "2008.11.13"]
[Round "1"]
[White "Carlsson,P"]
[Black "Vargas Serano,P"]
[Result "1-0"]
[WhiteElo "2515"]
[BlackElo "1829"]
[EventDate "2008.11.13"]

1. e4 e5 2. Nf3 Nc6 3. Bb5 a6 4. Ba4 Nf6 5. O-O Nxe4 6. d4 b5 7. Bb3 d5 8.
dxe5 Be6 9. Be3 Be7 10. c3 O-O 11. Nbd2 Bg4 12. Nxe4 dxe4 13. Qd5 Qxd5 14.
Bxd5 exf3 15. Bxc6 fxg2 16. Rfc1 Rab8 17. b4 Rbd8 18. a4 Bd7 19. axb5 axb5
20. Bxg2 Be6 21. Ra7 Rc8 22. Bc6 Bc4 23. Bd7 Rb8 24. Rxc7 Bd8 25. Rc6 Rb7
26. Rd1 Bc7 27. f4 Rd8 28. Bg4 Rxd1+ 29. Bxd1 Bd5 30. Rc5 Bc4 31. Bf3 Ra7
32. Rc6 Rb7 33. Rxc4 1-0

[Event "38th Olympiad"]
[Site "Dresden GER"]
[Date "2008.11.13"]
[Round "1"]
[White "Felgaer,R"]
[Black "Al Modiahki,M"]
[Result "0-1"]
[WhiteElo "2591"]
[BlackElo "2559"]
[EventDate "2008.11.13"]

1. e4 c5 2. Nf3 Nc6 3. d4 cxd4 4. Nxd4 g6 5. c4 Nf6 6. Nc3 Nxd4 7. Qxd4 d6
8. Be2 Bg7 9. Be3 O-O 10. Qd2 a5 11. O-O a4 12. Bd4 Be6 13. Qe3 Nd7 14.
Bxg7 Kxg7 15. b3 axb3 16. axb3 Qb6 17. Qxb6 Nxb6 18. f4 f5 19. Bf3 fxe4 20.
Bxe4 Rxf4 21. Bxb7 Rxf1+ 22. Rxf1 Ra3 23. Rb1 Bf5 24. Be4 Kf6 25. Bxf5 gxf5
26. Nb5 Ra2 27. Rf1 Rd2 28. g4 e6 29. gxf5 exf5 30. Ra1 Nd7 31. Ra6 Ke5 32.
b4 Nf6 33. c5 dxc5 34. bxc5 Rd5 35. Nd6 Kf4 36. Ra4+ Ne4 37. Rc4 Kf3 38.
Rc1 Nxc5 39. Rf1+ Kg4 40. Nc4 f4 41. Rc1 Ne4 42. Re1 Kf3 43. h4 Rc5 44.
Rf1+ Ke2 45. Rxf4 Rxc4 46. Kg2 h5 47. Rf5 Rc5 48. Rf4 Re5 49. Rf8 Re6 50.
Rf5 Rg6+ 51. Kh3 Nf6 52. Rg5 Rh6 53. Ra5 Kf3 54. Rg5 Kf4 55. Rg2 Ng4 56.
Ra2 Re6 57. Ra5 Re3+ 58. Kg2 Re2+ 59. Kf1 Re5 60. Ra1 0-1

[Event "38th Olympiad"]
[Site "Dresden GER"]
[Date "2008.11.13"]
[Round "1"]
[White "Al Sayed,Mohamad"]
[Black "Peralta,Fe"]
[Result "1/2-1/2"]
[WhiteElo "2477"]
[BlackElo "2557"]
[EventDate "2008.11.13"]

1. d4 d5 2. c4 c6 3. Nf3 Nf6 4. e3 Bg4 5. Nc3 e6 6. h3 Bxf3 7. Qxf3 Nbd7 8.
Bd3 Bd6 9. O-O O-O 10. Rb1 Qe7 11. c5 Bc7 12. b4 e5 13. Qd1 a6 14. e4 dxe4
15. Nxe4 Nxe4 16. Bxe4 Nf6 17. Bg5 Rad8 18. Re1 Rfe8 19. Qc2 h6 20. dxe5
hxg5 21. exf6 Qxf6 22. g3 g6 23. Kg2 Kg7 24. Bf3 Qf5 25. Qxf5 gxf5 26. Rxe8
Rxe8 27. a4 Re5 28. Rd1 Kf6 29. Rd7 Re7 30. Rd3 Re5 31. Rd7 Re7 1/2-1/2

[Event "38th Olympiad"]
[Site "Dresden GER"]
[Date "2008.11.13"]
[Round "1"]
[White "Al Hitmi,M"]
[Black "Campora,D"]
[Result "0-1"]
[WhiteElo "2161"]
[BlackElo "2537"]
[EventDate "2008.11.13"]

1. d4 Nf6 2. c4 e6 3. Nc3 Bb4 4. Qc2 d5 5. cxd5 exd5 6. Bg5 O-O 7. e3 Nbd7
8. Bd3 h6 9. Bh4 c6 10. Nf3 Re8 11. O-O a6 12. a3 Be7 13. b4 Nf8 14. Ne5
N6d7 15. Bg3 Nxe5 16. Bxe5 Be6 17. Na4 Nd7 18. Bg3 b5 19. Nc5 Nxc5 20. bxc5
a5 21. Bh7+ Kh8 22. Bf5 Qd7 23. Bxe6 Qxe6 24. Rfe1 Bf6 25. Qd2 Qd7 26. Rab1
Kg8 27. h3 Re6 28. Rbd1 Qa7 29. Qc2 Rae8 30. Qd2 Bd8 31. Rb1 Qd7 32. Qd1 g6
33. Qd2 h5 34. Qd3 Kh7 35. Rb2 h4 36. Be5 f6 37. Bh2 Bc7 38. Bxc7 Qxc7 39.
Rbe2 f5 40. Qd2 Kg7 41. Qc3 Kf7 42. Qd3 Qd8 43. f3 Qe7 44. Qb3 a4 45. Qd3
Kg8 46. Kf2 Qg5 47. Kg1 Qg3 48. Qc2 Kh7 49. Qb1 R8e7 50. Qc2 Kg7 51. Qb1
Qg5 52. Qd3 Qf6 53. Kh1 Qf8 54. Kg1 Qe8 55. Kf2 Qb8 56. Kg1 Qc7 57. Qc3 Kf7
58. Qd3 Qa5 59. e4 dxe4 60. fxe4 fxe4 61. Rxe4 Qxe1+ 62. Rxe1 Rxe1+ 63. Kh2
R7e3 64. Qd2 R1e2 65. Qd1 Ke6 66. d5+ cxd5 67. c6 Kd6 68. c7 Kxc7 69. Qxd5
Re5 70. Qf7+ Kc6 71. Qxg6+ Kc5 72. Qh6 R2e4 73. Qf8+ Kc4 74. Qb4+ Kd3 75.
Qb1+ Kc3 76. Qc1+ Kb3 77. Qd2 Rc4 78. Qd3+ Kb2 79. Qd2+ Kxa3 80. Qd6+ Rec5
81. Qd3+ Rc3 0-1

[Event "38th Olympiad"]
[Site "Dresden GER"]
[Date "2008.11.13"]
[Round "1"]
[White "Polaczek,R"]
[Black "Hansen,LB"]
[Result "1/2-1/2"]
[WhiteElo "2419"]
[BlackElo "2570"]
[EventDate "2008.11.13"]

1. d4 d5 2. Nf3 Nf6 3. c4 e6 4. Nc3 Be7 5. Bg5 O-O 6. e3 Nbd7 7. Qc2 c5 8.
dxc5 Nxc5 9. Rd1 Nce4 10. Bxf6 Nxf6 11. cxd5 exd5 12. Be2 Be6 13. Nd4 Qb6
14. O-O Rac8 15. Qb3 Qxb3 16. axb3 Bb4 17. Rc1 Bd7 18. Bf3 Bxc3 19. Rxc3
Rxc3 20. bxc3 Rc8 21. Rc1 g5 22. g3 Bh3 23. Bh1 Rc5 24. b4 Rc4 25. Bf3 Rc8
26. Be2 Ne4 27. c4 dxc4 28. Rxc4 Rxc4 29. Bxc4 Nd6 30. Bd5 Bd7 31. Kf1 b6
32. Ke2 Nb5 33. Kd3 Nxd4 34. Kxd4 Kf8 35. f4 gxf4 36. gxf4 Ke7 37. e4 f6
38. e5 a5 39. bxa5 bxa5 40. Kc5 h6 41. Bc4 fxe5 42. fxe5 a4 43. Kb4 Bc6 44.
Kc5 Bd7 45. Kb4 Bc6 1/2-1/2